00656nam a2200193Ia 4500008004100000020001500041082001600056100001800072245008200090250000900172260004300181300002800224500001900252600002200271650001500293942000700308952013000315999001700445240925s9999 xx 000 0 und d a8174092323 a621.317 RAO aRao, Sunil S. 0aSwitchgear Protection and Power Systems: Theory, Practice and Solved Problems a13th aNew Delhi:bKhanna Publicationc,2015. ax, 809p.bN.AfOriginal aIncludes Index aPower Engineering aTechnology cBK 001040708ELaUITUbUITUd2017-03-24eFair Book Centerg750.00l0o621.317 RAOpQ11173r2024-09-25 07:15:58w2024-09-25yBK c13672d13672